| 000 | 00363nam a2200145Ia 4500 | ||
|---|---|---|---|
| 008 | 230917s9999||||xx |||||||||||||| ||und|| | ||
| 040 |
_e30461 _aMAIN |
||
| 041 | _aEnglish | ||
| 082 | _a320.011 S55I | ||
| 100 | _aSen, Amartya | ||
| 245 | 0 | _aInequality re-examined | |
| 260 |
_aNew Delhi _bOxford University Press _c1997 |
||
| 300 | _axiv, 207 p. | ||
| 942 | _cBK | ||
| 999 |
_c101881 _d101881 |
||